Statystyki dla Filmy Ryana Goslinga

Kliknij tutaj aby rozwiązać quiz!

Ogólne statystyki

  • Ten quiz został rozwiązany 32 razy
  • Średni wynik to 5 z 14

Statystyki odpowiedzi

RokWskazówkaTytuł% Poprawnych
2023Lalka ,która żyje w idealnym bajkowym
świecie przechodzi kryzys egzystencjalny.
Barbie
100%
2016Los Angeles. Pianista jazzowy zakochuje się w początkującej aktorce.La La Land
79%
2011Bezimienny kierowca postanawia pomóc mężowi swojej sąsiadki w anulowaniu długu u groźnych bandytów.Drive
72%
2017Policjant odkrywa spisek, który może zniszczyć ludzkość.Blade Runner 2049
66%
2016Los Angeles, lata 70. Podczas śledztwa
dotyczącego zaginionej
aktorki porno para prywatnych detektywów wpada na trop dużego spisku.
Nice Guys
34%
2022Nieuchwytny oficer CIA
odkrywa kompromitujące
sekrety agencji. Jego śladem rusza
bezwzględny agent socjopata, który wyznaczył nagrodę za jego głowę.
Gray Man
28%
2015W 2008 roku światowe rynki finansowe
i bankowe dopadł
kryzys gospodarczy, na którym
wzbogaciła się jedynie garstka ludzi, przewidująca nadchodzącą katastrofę.
Big Short
24%
2018Fragment życia astronauty Neila
Armstronga i jego legendarnej
misji kosmicznej, dzięki której jako pierwszy człowiek stanął na Księżycu.
Pierwszy
człowiek
24%
2011Idealne życie Cala Weavera rozpada się, gdy dowiaduje się, że żona go zdradza. Po kilkudziesięciu latach znowu umawia się na randki. Pomaga mu w tym młody Jacob.Kocha,lubi,szanuje
17%
2012Kiedy nieposiadający absolutnie nic Luke dowiaduje się, że ma syna, robi wszystko, by zyskać rodzinę. Jego decyzje zmieniają życie wielu osób.Drugie oblicze
14%
2013Gangster chce się zemścić na poruczniku policji za śmierć swojego brata.Tylko Bóg wybacza
7%
2013W 1947 roku gangster Mickey Cohen przejmuje kontrolę nad Los Angeles. Nieprzekupny policjant, John O'Mara, organizuje specjalny oddział mający podjąć walkę z mafią.Gangster Squad
3%
2011Stephen Meyers pracuje przy kampanii wyborczej kandydata na prezydenta USA. Jego myśli, bardziej niż interesy klienta, zaprząta własna kariera.Idy marcowe
3%
2017Dwójka zakochanych marzy
o karierze muzycznej. Oboje
trafiają pod skrzydła producenta,
którego intencje nie są jednak do końca jasne.
Weightless
0%

Rozkład punktacji

Percentyl według liczby udzielonych odpowiedzi

Procent ludzi z każdym wynikiem

Twoja historia wyników

Nie rozwiązałeś tego quizu